002220000a2200061000450024500810000030000470008177300320012810aCristianos tarahumaras descubren que las formas antiguas no son tan sagradas aVol. 57, Núm 257 (2002), Páginas 32-330 tLa Biblia de las Américas